000 00322nam a2200121Ia 4500
008 190722s9999 xx 000 0 und d
020 _a978-1-292-06116-0
100 _aBrookshear, Brylow
245 0 _aComputer Science An Overview
260 _aEngland
_bPearson India Education Services
_c2015
300 _a640
942 _cBK
999 _c346
_d346